000 00458nam a2200181Ia 4500
008 100917s9999 xx 000 0 und d
082 _b52444
100 _aकुलकर्णी श्यामकांत
245 _aझरोका
260 _bमाग्रस प्रकाशन
_c1978
300 _a56
365 _b4
520 _a---
630 _aझरोका
650 _a---
730 _aझरोका
942 _cBOOK
999 _c657838
_d657835